<The> Wordly Philosophers <The> Lives, Times, and Ideas of the Great Economic Thinkers

Gespeichert in:
Bibliographische Detailangaben
1. Verfasser: Heilbroner, Robert L.
Format: Buch
Sprache:Englisch
Veröffentlicht: New York Penguin Books 2000
Ausgabe:7th Edition
Schlagworte:
Tags: Tag hinzufügen
Keine Tags, Fügen Sie das erste Tag hinzu!

MARC

LEADER 00000nam a2200000 4500
001 0259087
005 20240111125541.3
020 |a 978-0-140-29006-6 
041 0 |a eng 
044 |a US 
245 1 0 |a <The> Wordly Philosophers  |b <The> Lives, Times, and Ideas of the Great Economic Thinkers  |c Robert L. Heilbroner 
250 |a 7th Edition 
264 1 |a New York  |b Penguin Books  |c 2000 
300 |a 365 s. 
610 2 0 |a veda ekonomická 
610 2 0 |a vývoj 
610 2 0 |a história 
610 2 0 |a ekonómia 
610 2 0 |a filozofia 
610 2 0 |a myslenie ekonomické 
610 2 0 |a osobnosť 
100 1 |a Heilbroner, Robert L.